Представление документа в формате RUSMARC

ПолеНазваниеЗначение
  Тип записи a
  Библиографический уровень c
001 Контрольный номер bfb1b3b0741045469fa3dbdd7f73ce81
005 Дата корректировки 20231215113509.7
010 Индекс ISBN __
a ISBN 978-5-91607-026-2
9 Тираж 1000 экз.
d Цена 100-00
100 Данные общей обработки __
a Данные общей обработки 20230215d2009 me y0rusy028902 ca
101 Язык документа 0_
a Язык текста rus
a Язык текста eng
102 Страна публикации __
a Страна публикации RU
105 Кодированные данные (монография) __
a Кодированные данные (монография) c z 000ay
181 Поле кодированных данных: вид содержания _0
a Код вида содержания (ISBD) i
182 Поле кодированных данных: тип средства _0
a Код типа средства (ISBD) n
200 Заглавие и сведения об ответственности 1_
a Заглавие Мой единственный сборник
e Сведения, относящиеся к заглавию стихи
f Первые сведения об ответственности Анастасия Цветаева ; комментарий Ст. Айдиняна
203 Вид содержания и тип средства __
a Вид содержания Текст
c Тип средства непосредственный
210 Выходные данные 1_
a Место издания Елабуга
c Издательство Елабужский государственный историко-архитектурный и художественный музей-заповедник
d Дата издания 2009
215 Физическое описание __
a Объем 198 с.
d Формат 21 см
c Иллюстрации/тип воспроизводства портр.
300 Общие примечания __
a Общие примечания Часть стихотворений на английском языке
330 Аннотация __
a Аннотация К юбилею со дня рождения Анастасии Цветаевой приурочено переиздание книги "Мой единственный сборник", первое и единственное издание было опубликовано в 1995 году. Часть стихотворений на английском языке.
464 Аналитический уровень _0
1 2001
a Жизнь
464 Аналитический уровень _0
1 2001
a Ушедшему другу
464 Аналитический уровень _0
1 2001
a Фонарь
464 Аналитический уровень _0
1 2001
a Утрата
464 Аналитический уровень _0
1 2001
a Сюита тюремная
464 Аналитический уровень _0
1 2001
a Твой образ женственный и милый...
464 Аналитический уровень _0
1 2001
a Маленький лорд
464 Аналитический уровень _0
1 2001
a Северная Кармен
464 Аналитический уровень _0
1 2001
a От тебя мне ничего не надо
464 Аналитический уровень _0
1 2001
a Разрешающий аккорд
606 Тематические рубрики __
a Основная рубрика Художественная литература
2 Код системы nlr_sh
606 Тематические рубрики __
a Основная рубрика Русская литература XX в. (произведения)
2 Код системы nlr_sh
610 Ключевые слова 0_
a Ключевые слова стихотворения
610 Ключевые слова 0_
a Ключевые слова лирика
610 Ключевые слова 0_
a Ключевые слова русская литература
610 Ключевые слова 0_
a Ключевые слова Серебряный век
610 Ключевые слова 0_
a Ключевые слова тема любви
610 Ключевые слова 0_
a Ключевые слова тема природы
686 Индексы других классификаций __
2 Код системы rubbks
a Классификационный индекс 84(2=411.2)6-4; ст84(2=411.2)6-4
700 Автор _1
a Фамилия Цветаева
b Имя А. И.
g Полное личное имя Анастасия Ивановна
f Даты 1894-1993
4 Код отношения 070
702 Вторичная интеллектуальная ответственность _1
a Фамилия Айдинян
b Имя С. А.
g Полное личное имя Станислав Артурович
4 Код отношения 212
f Даты 1958-
801 Источник записи _0
b Организация Муниципальное бюджетное учреждение культуры "Централизованная библиотечная система" г. Сургут (Центральная городская библиотека им. А. С. Пушкина)
a Страна RU
c Дата составления 20230215
g Правила каталогизации PSBO
801 Источник записи _1
b Организация Муниципальное бюджетное учреждение культуры "Централизованная библиотечная система" г. Сургут (Центральная городская библиотека им. А. С. Пушкина)
a Страна RU
c Дата составления 20230215
g Правила каталогизации PSBO
852 Данные о местонахождении 5_
j Шифр хранения 84(2=411.2)6-4
i Авторский знак Ц 27
900 Макрообъекты __
a Макрообъекты Мой единственный сборник. Цветаева А. В., 2009
901 Тип документа __
a Ответственный КиК/Котельникова
t Тип документа x
903 Характеристики (МАРС) __
a Дата передачи 20230215
c Наименование библиотеки (МАРС) Муниципальное бюджетное учреждение культуры "Централизованная библиотечная система" г. Сургут (Центральная городская библиотека им. А. С. Пушкина)
990 Данные о заказе (DOS) __
j Количество экземпляров (DOS) 1
t N записи в КСУ для И/У (DOS) 202306